Foreign correspondent : (Record no. 4454)

MARC details
000 -LEADER
fixed length control field 00850cam a2200229 4500
001 - CONTROL NUMBER
control field 5309
005 - DATE AND TIME OF LATEST TRANSACTION
control field 20181127175213.0
008 - FIXED-LENGTH DATA ELEMENTS--GENERAL INFORMATION
fixed length control field 081022s2008 ii a 000 0 eng
010 ## - LIBRARY OF CONGRESS CONTROL NUMBER
LC control number 2008324237
020 ## - INTERNATIONAL STANDARD BOOK NUMBER
International Standard Book Number 9780143067559
042 ## - AUTHENTICATION CODE
Authentication code lcode
043 ## - GEOGRAPHIC AREA CODE
Geographic area code az-----
245 00 - TITLE STATEMENT
Title Foreign correspondent :
Remainder of title fifty years of reporting South Asia /
Statement of responsibility, etc. edited by John Elliott, Bernard Imhasly, Simon Denyer ; photo editor, David Orr ; editorial and research assistant Madhu Chandra.
246 30 - VARYING FORM OF TITLE
Title proper/short title Fifty years of reporting South Asia
260 ## - PUBLICATION, DISTRIBUTION, ETC.
Place of publication, distribution, etc. New Delhi :
Name of publisher, distributor, etc. Viking,
Date of publication, distribution, etc. 2008.
300 ## - PHYSICAL DESCRIPTION
Extent xvi, 432 p. :
Other physical details ill. (some col.) ;
Dimensions 24 cm.
651 #0 - SUBJECT ADDED ENTRY--GEOGRAPHIC NAME
Geographic name South Asia
General subdivision Politics and government
Chronological subdivision 20th century.
Geographic name South Asia
General subdivision Social conditions
Chronological subdivision 20th century.
700 1# - ADDED ENTRY--PERSONAL NAME
Personal name Denyer, Simon.
Personal name Elliott, John,
Dates associated with a name 1939-
Personal name Imhasly, Bernard.
Holdings
Withdrawn status Lost status Source of classification or shelving scheme Damaged status Not for loan Collection code Home library Current library Shelving location Serial Enumeration / chronology Inventory number Total Checkouts Full call number Barcode Date last seen Price effective from Koha item type
    Dewey Decimal Classification     Main TEST RTC Library RTC Library Main opac 8600   954.04 ELL 30008913 27/11/2018 27/11/2018 Main
Royal Thimphu College || All Right Reserved